Normal view MARC view
  • INTEGRATED CIRCUITS LARGE SCALE INTEGRATED CONGRESSES

Entry Topical Term

Number of records used in: 1

001 - CONTROL NUMBER

  • control field: 73926

003 - CONTROL NUMBER IDENTIFIER

  • control field: NUST

005 - DATE AND TIME OF LATEST TRANSACTION

  • control field: 20210628205115.0

008 - FIXED-LENGTH DATA ELEMENTS

  • fixed length control field: 210628|| aca||aabn | a|a d

040 ## - CATALOGING SOURCE

  • Original cataloging agency: NUST
  • Transcribing agency: NUST

150 ## - HEADING--TOPICAL TERM

  • Topical term or geographic name entry element: INTEGRATED CIRCUITS LARGE SCALE INTEGRATED CONGRESSES

670 ## - SOURCE DATA FOUND

  • Source citation: Work cat.: (NUST): ESAKI, LEO,SONCINI, G 73925, LARGE SCALE INTEGRATED CIRCUITS TECHNOLOGY STATE OF THE ART AND PROSPECTS PROCEEDINGS OF THE NATO ADVANCED STUDY COURSE ITALY JULY 15-27, 1981, 1982
© 2023 Central Library, National University of Sciences and Technology. All Rights Reserved.